00853nam a2200265 a 4500999001300000001000500013003000900018005001700027008004100044020001500085020001500100020001500115035002100130040002500151082001600176100002200192245005100214260004000265300004500305504005100350650001500401906004500416942001200461952011400473 c793d7933884BD-DhUAP20210118150516.0200128s1996 txua b 001 0 eng d a0030311292 a0030311322 a0030311330 a(OCoLC)33635172  aWClIcWClIdBD-DhUAP00a330 STO2231 aStockman, Alan C.10aIntroduction to economics /cAlan C. Stockman. aFort Worth :bDryden Press,cc1996. avariers pages :billustrations ;c26 cm. aIncludes bibliographical references and index. 0aEconomics. a7bcbcccopycatd2encipf19gy-gencatlg 2ddccBK 00102ddc4070aUAPCLbUAPCLcGeneral Stacksd2020-01-28o330 STOp3010003884r2020-01-28t1w2020-01-28yBK